Statistics for NFL TEAM LOGOS BY COLOUR

Click here to take the quiz!

General Stats

  • This quiz has been taken 83 times
  • The average score is 11 of 20

Answer Stats

Answer% Correct
Philadelphia Eagles
89%
Las Vegas Raiders
80%
Cincinnati Bengals
79%
New Orleans Saints
77%
Dallas Cowboys
70%
San Francisco 49ers
69%
Detroit Lions
64%
Jacksonville Jaguars
64%
Houston Texans
63%
Tennessee Titans
54%
Baltimore Ravens
53%
Indianapolis Colts
50%
Chicago Bears
43%
Buffalo Bills
41%
Arizona Cardinals
40%
Los Angeles Rams
39%
New England Patriots
37%
New York Giants
34%
Tampa Bay Buccaneers
34%
Atlanta Falcons
23%

Score Distribution

Percentile by Number Answered

Percent of People with Each Score

Your Score History

You have not taken this quiz